Derecho Administrativo

Saved in:
Bibliografiske detaljer
Hovedforfatter: Parada Vázquez, Ramón (autor)
Format: Bog
Sprog:spansk
Udgivet: Madrid OPEN Ediciones Universitarias S. L 2013
Udgivelse:23a. ed
Fag:
Tags: Tilføj Tag
Ingen Tags, Vær først til at tagge denne postø!

MARC

LEADER 00000cam a2200000 a 4500
001 UCE2607
003 CL-VaPUC
008 140717e20130900sp |||||||||||||||||spa|d
020 |a 9788494169601o.c 
020 |a 9788494169618v.1 
020 |a 9788494169625v.2 
020 |a 9788494169632v.3 
082 0 4 |a 342.46  |b PAR  |2 21 
100 |a Parada Vázquez, Ramón  |e autor  |9 575107 
245 1 0 |a Derecho Administrativo 
250 |a 23a. ed 
300 |a v 
942 |c BK 
945 |d 20140717 11:12:00  |a dcastane 
260 |a Madrid  |b OPEN Ediciones Universitarias S. L  |c 2013 
500 |a v.1: introducción. Organización administrativa. Empleo público 
500 |a v.2: régimen jurídico de la actividad administrativa 
500 |a v.3: bienes públicos. Derecho urbanístico 
650 7 |a DERECHO ADMINISTRATIVO ESPAÑOL  |2 CL-VaPUC  |9 482261 
650 0 |a Derecho administrativo  |9 254851 
650 0 |a Historia del derecho  |9 255109 
650 0 |a Filosofía del derecho   |9 255050 
583 |a last modification  |c 20140717 11:12:00  |k Rodrigo Vera 
999 |c 356188  |d 356186 
952 |0 0  |1 0  |3 erb  |4 0  |6 342_460000000000000_PAR_2013  |7 0  |8 A  |9 463365  |a BIBDER  |b BIBDER  |h v.1  |i 5089883  |l 2  |o 342.46 PAR 2013  |p 5089883  |r 2023-01-25  |s 2022-09-22  |w 2019-11-23  |y BK  |z Catalogado en:20140717  |k DER 
952 |0 0  |1 0  |3 erb  |4 0  |6 342_460000000000000_PAR_2013  |7 0  |8 A  |9 463366  |a BIBDER  |b BIBDER  |h v.2  |i 5089891  |l 5  |o 342.46 PAR 2013  |p 5089891  |r 2025-04-25  |s 2025-04-25  |w 2019-11-23  |y BK  |z Catalogado en:20140717  |k DER 
952 |0 0  |1 0  |3 erb  |4 0  |6 342_460000000000000_PAR_2013  |7 0  |8 A  |9 463367  |a BIBDER  |b BIBDER  |h v.3  |i 5089905  |l 1  |m 3  |o 342.46 PAR 2013  |p 5089905  |r 2025-01-06  |s 2020-03-13  |w 2019-11-23  |y BK  |z Catalogado en:20140717  |k DER